| 000 | 00929nac a22002771u 4500 | ||
|---|---|---|---|
| 003 | EG-ScBUE | ||
| 005 | 20220125111356.0 | ||
| 008 | 200219s1962 nyu f 000 0 eng d | ||
| 040 |
_aEG-ScBUE _beng _erda _cEG-ScBUE _dEG-ScBUE |
||
| 082 | 0 | 4 |
_a823.6 _bJOH _222 |
| 100 | 1 |
_aJohnson, Samuel, _d1709-1784, _eauthor. |
|
| 245 | 1 | 4 |
_aThe history of rasselas : _bPrince of Abyssinia / _cSamuel Johnson ; edited by Gwin J. Kolb, University of Chicago. |
| 264 | 1 |
_aNew York : _bAppleton-Century Crofts, _c1962. |
|
| 300 |
_axv, 112 pages ; _b18 cm. |
||
| 336 |
_2rdacontent _atext _btxt |
||
| 337 |
_2rdamedia _aunmediated _bn |
||
| 338 |
_2rdacarrier _avolume _bnc |
||
| 490 | 0 | _aCrofts classics | |
| 650 | 7 |
_aFiction in English. _2BUEsh |
|
| 651 | _2BUEsh | ||
| 653 |
_bHHUUEENN _cJanuary2021 |
||
| 655 |
_vReading book _934232 |
||
| 700 | 1 |
_aKolb, Gwin J., _eeditor. |
|
| 942 |
_cBB _2ddc |
||
| 999 |
_c3033 _d3033 |
||